000 00630cam a22002293a 4500
001 9305
003 PGUSA
005 20140828083210.0
008 051101s2005||||xxu|||||s|||||000 1 eng d
040 _aPGUSA
_beng
042 _adc
050 4 _aPR
100 1 _aBarr, Robert,
_d1850-1912
245 1 0 _aOne Day's Courtship, and The Heralds of Fame
_h[electronic resource] /
_cRobert Barr
260 _bProject Gutenberg,
_c2005
506 _aPublic domain in the USA.
516 _aElectronic text
653 _aFiction
830 0 _aProject Gutenberg
_v9305
856 4 0 _uhttp://www.gutenberg.org/ebooks/9305
942 _cEB
999 _c238561
_d238561